| 000 | 00455nam a2200145Ia 4500 | ||
|---|---|---|---|
| 008 | 170224s9999 xx 000 0 und d | ||
| 100 | _aPeggy a Schlesinger | ||
| 245 | _aSelf-Service Business Intelligence Resulting in Disruptive Technology | ||
| 245 | _cPeggy a Schlesinger & Nayem Rahman | ||
| 260 | _bJournal of Computer Information Systems | ||
| 260 | _c2015 | ||
| 300 | _a56:1, Pages: 11-21 | ||
| 500 | _aFall | ||
| 650 | _xInformation Technology | ||
| 999 |
_c315863 _d315863 |
||